| 000 | 00450nam a2200145Ia 4500 | ||
|---|---|---|---|
| 003 | OSt | ||
| 005 | 20260120145420.0 | ||
| 008 | 211028s2014 xx 000 0 und d | ||
| 040 | _cAIMIT LIBRARY | ||
| 041 | _aeng | ||
| 100 |
_aNazeeb; Amin, Venkatesh. _g1216075 _97189 |
||
| 245 | _aStudy on distribution of champyen product supplied by yenepoya food and beverages private limited / | ||
| 260 |
_aMangalore _bVenkatesh Amin _c2014 |
||
| 942 |
_2ddc _cPRO |
||
| 999 |
_c218759 _d218759 |
||